| 000 | 01072npi a2200241 a 4500 | ||
|---|---|---|---|
| 003 | OSt | ||
| 005 | 20250303122455.0 | ||
| 008 | 230524q2023 ||||||||o|||| 00| 0 eng d | ||
| 040 |
_aChap _cChap |
||
| 245 | 0 | 0 | _aCABI Compendium: Forestry = CABI Compendio Forestal |
| 246 | 3 | 1 | _aCABI Compendio Forestal |
| 250 | _a2023. | ||
| 505 | _gContiene investigaciones y conocimientos clave sobre la silvicultura, las especies arbóreas y las plagas forestales. | ||
| 505 | _gTiene un alcance global y se actualiza regularmente para incluir nueva información científica y temas de actualidad. | ||
| 650 | 4 |
_982441 _aÁrboles _xVariedades |
|
| 650 | 7 |
_9187168 _aBosques _xConservación |
|
| 650 | 7 |
_982440 _aÁrboles _xPlagas |
|
| 650 | 7 |
_992059 _aProductos forestales |
|
| 710 | 2 |
_9187137 _aCAB International (Wallingford, Inglaterra) |
|
| 856 |
_uhttps://www.cabidigitallibrary.org/journal/cabicompendium _zACCESO RED UACh |
||
| 856 |
_uhttps://chapingo.idm.oclc.org/login?url=https://www.cabidigitallibrary.org/journal/cabicompendium _zACCESO EXTERNO |
||
| 942 | _cITEMRECELE | ||
| 999 |
_c218824 _d218824 |
||